[Event "Ulm/Neu Ulm-ch"]
[Site "Ulm/Neu Ulm"]
[Date "2017.11.17"]
[Round "5"]
[White "Zahn, Achim"]
[Black "Baur, Norbert"]
[Result "0-1"]
[WhiteElo "1511"]
[BlackElo "1728"]
[PlyCount "56"]
[EventDate "2017.09.22"]
[EventType "swiss"]
[EventRounds "7"]
[EventCountry "GER"]
[SourceTitle "EXT 2019"]
[Source "ChessBase"]
[SourceDate "2018.10.10"]
[SourceVersion "1"]
[SourceVersionDate "2018.10.10"]
[SourceQuality "1"]

1. c4 Nf6 2. g3 e6 3. Bg2 d5 4. d4 dxc4 5. Nf3 Nc6 6. 0-0 Be7 7. Nc3 0-0 8. e3 a6 9. Qa4 Bd7 10. Qxc4 b5 11. Qb3 Rc8 12. Ne5 Nxe5 13. dxe5 Ng4 14. Bb7 Nxe5 15. f4 Nc4 16. Bxa6 Rb8 17. Bxb5 c6 18. Qxc4 cxb5 19. Qd3 Qc7 20. Rd1 Bc6 21. e4 b4 22. Nb1 Bc5+ 23. Kg2 Rbd8 24. Qe2 Rxd1 25. Qxd1 Bxe4+ 26. Kf1 Rd8 27. Qe1 Qc6 28. Nd2 Bd3+ 0-1